Loading...
| AR | 0 | 3 | 0 | 1 | 30 | 84 | 104.67 | 0 | 2 | 0.00 | 0.00 |
| TR | 2 | 0 | 0 | 0 | 30 | 14 | 46.50 | 2 | 2 | 0.00 | 0.00 |
| RR | 0 | 2 | 1 | 0 | 15 | 74 | 99.00 | 1 | 1 | 0.00 | 0.00 |
| AG | 1 | 0 | 1 | 0 | 10 | 68 | 68.00 | 0 | 1 | 0.00 | 0.00 |
| 0 | 1 | 0 | 1 | 10 | 130 | 130.00 | 0 | 0 | 0.00 | 0.00 | |
| MB | 0 | 1 | 1 | 0 | 5 | 103 | 103.00 | 0 | 0 | 0.00 | 0.00 |
| TR | Sam Bankman-Fried | 15 | 14 |
| RR | rhoticity | -5 | 61 |
| AG | landlords | 15 | 68 |
| RR | Tamil Nadu | 10 | 74 |
| TR | Armenians | 15 | 79 |
| AR | Enoch | 10 | 84 |
| MB | lepers | -5 | 98 |
| MB | Akbar the Great | 10 | 103 |
| AR | Dominican Republic | 10 | 110 |
| AG | San Francisco | -5 | 114 |